000 00960nam a22002777a 4500
003 CHAP
005 20220329133533.0
008 971013s1990 r 00010 d
010 _a7576
011 _a8548
035 _a7777
040 _cCHAP
082 _a581.1
_bI56
110 _aINIFAP. México. Centro Nacional de Investigación Disciplinaria en la Relación Agua-Suelo-Planta-Atmósfera
_958795
245 _aMetodología de investigación y diagnóstico en relación agua-suelo-planta-atmósfera
260 _aGómez Palacio, Dgo. :
_bEl Centro,
_c1990
300 _a494 p.
590 _aBATCH-UPD
_b10
_c20130110
_lUCH01
_h1641
590 _aBATCH-UPD
_b10
_c20130410
_lUCH01
_h1032
590 _aBATCH-UPD
_b10
_c20130914
_lUCH01
_h2000
590 _aCONVERSION
_b10
_c20130109
_lUCH01
_h1305
650 1 4 _aRelación agua - suelo - planta.
_995825
901 _aBK
942 _cLIBRO
949 _a581.1 I56
_bBC
_cCONG
_d-101557
_eCONG
_h88012
_i7777
_mD
_si
999 _c7576
_d7576